000 00750nam a22002417a 4500
999 _c13930
_d13930
003 AR-CdUCM
008 190417b ||||| |||| 00| 0 spa d
020 _a978-84-95053-42-8
040 _aMUNICIPALIDAD PROVINCIAL DEL CUSCO
_cBIBLIOTECA MUNICIPAL DEL CUSCO
082 _aEP / 372.869 /
_bP42
100 _aPeña Hasbún, Paula
_932554
245 _aLos tres amigos /
260 _aBarcelona :
_bVilatana,
_c2007.
300 _a28 paginas ;
_bilustraciones, graficos, dibujos,
_c21 cm.
505 _aContenido: cuentos infantiles
650 _aCuentos
_9217
650 _aHistorias
_92725
650 _aLiteratura
_983
650 _aSiglo XX
_98
700 _aPérez Ayala, Claudia
_932555
942 _2ddc
_cLIBROS
945 _apjha
_d2019-04-17